00502 2200181 4500001002100000005001500021005001500036020002200051035002000073035002000093082000800113084001400121100001800135245010100153260002600254300002800280990001200308INLIS0000000000018742025051502295820250515023618 a978-602-365-012-5 a0010-0525000164 a0010-0525000166 a200 a200 RAH k0 aRahimsyah A.R1 aKisah Teladan 25 Nabi & Rasul :b1001 Hikmah Dalam Sebuah Perjalanan Dakwah /cMB. Rahimsyah A.R aSolo :bLingkar Media a128 hlm ;c16,5 x 24 cm a0754806